000 00277nam a2200109Ia 4500
008 190216s9999||||xx |||||||||||||| ||und||
100 _aHaji M Muhamed Kannu
245 0 _aVakkom Moulaviyum Navodana Nayagankmarum
260 _bGoolisthan Tvm
650 _aLekhanam
942 _cBK
999 _c25651
_d25651